000 00291nam a22001337a 4500
008 171108b xxu||||| |||| 00| 0 eng d
020 _a9789951890908
041 _aalb
080 _a618.2
100 _a02
101 _aFAR
245 _aREGJISTRI I BARNAVE 3
_cJAKUPI,A
942 _2udc
_cBK
999 _c38254
_d38254